00493 2200169 4500245007200000020002200072250001100094100002100105650002100126650001000147005001900157260009700176041001400273084000800287300001900295336000900314 aJailolo b : Sejarah Kekuasaan dan TragedicLinda ChristantyhText a978-602-437-357-3 aCet. 1 aLinda Christanty aSastra Indonesia aEbook a20241105085729 aJakartabBadan Pengembangan dan Pembinaan Bahasa Kementerian Pendidikan dan Kebudayaanc2017 aIndonesia a813 a80 Hlm. :cPDF atext